Creatividad, Formación e Investigación : (Registro nro. 6072)

Detalles MARC
000 -LEADER
fixed length control field 01263nam a2200277Ia 4500
003 - CONTROL NUMBER IDENTIFIER
control field OSt
005 - DATE AND TIME OF LATEST TRANSACTION
control field 20200826132656.0
008 - FIXED-LENGTH DATA ELEMENTS--GENERAL INFORMATION
fixed length control field 191128s1995 ck gr 000 0 spa d
020 ## - INTERNATIONAL STANDARD BOOK NUMBER
International Standard Book Number 9581801227
040 ## - CATALOGING SOURCE
Original cataloging agency Co-JMCR
Transcribing agency Co-JMCR
041 0# - LANGUAGE CODE
Language code of text/sound track or separate title spa
082 04 - DEWEY DECIMAL CLASSIFICATION NUMBER
Classification number 370.115 /
Item number M678c
Edition number 23
110 1# - MAIN ENTRY--CORPORATE NAME
Corporate name or jurisdiction name as entry element Misión Ciencia, Educación y Desarrollo (Colombia)
9 (RLIN) 9244
245 10 - TITLE STATEMENT
Title Creatividad, Formación e Investigación :
Remainder of title fuentes Complementarias I /
Statement of responsibility, etc. Misión Ciencia, Educación y Desarrollo ; Graciela Aldana Conde, Graciela Amaya de Ochoa, [y otros 8]
250 ## - EDITION STATEMENT
Edition statement Primera edición
260 ## - PUBLICATION, DISTRIBUTION, ETC.
Place of publication, distribution, etc. Bogotá :
Name of publisher, distributor, etc. Presidencia de la República,
Date of publication, distribution, etc. 1995.
300 ## - PHYSICAL DESCRIPTION
Extent 652 páginas ;
Dimensions 24 cm.
490 0# - SERIES STATEMENT
Series statement Colección documentos de la misión
505 0# - FORMATTED CONTENTS NOTE
Formatted contents note Itinerario de la creatividad su operacionalización, detección y cultivo / Graciela Aldena de Conde -- La escuela, el maestro y su formación / Graciela Amaya de Ochoa -- Creatividad y maestros
650 24 - SUBJECT ADDED ENTRY--TOPICAL TERM
Topical term or geographic name entry element Formación profesional de maestros
Geographic subdivision Colombia
9 (RLIN) 9271
650 24 - SUBJECT ADDED ENTRY--TOPICAL TERM
Topical term or geographic name entry element Desarrollo científico y tecnológico
Geographic subdivision Colombia
9 (RLIN) 9272
651 ## - SUBJECT ADDED ENTRY--GEOGRAPHIC NAME
Source of heading or term Aptitud creadora
Geographic name Colombia
9 (RLIN) 9273
700 1# - ADDED ENTRY--PERSONAL NAME
Personal name Aldana Conde, Graciela,
Relator term coautor
9 (RLIN) 9274
700 1# - ADDED ENTRY--PERSONAL NAME
Personal name Amaya de Ochoa, Graciela,
Relator term coautora
9 (RLIN) 9275
942 ## - ADDED ENTRY ELEMENTS (KOHA)
Source of classification or shelving scheme Dewey Decimal Classification
Koha item type Books
Existencias
Withdrawn status Lost status Source of classification or shelving scheme Materials specified (bound volume or other part) Damaged status Not for loan Home library Current library Shelving location Date acquired Source of acquisition Full call number Barcode Date last seen Copy number Price effective from Koha item type
    Dewey Decimal Classification Donación--15/04/2018--     Biblioteca Pública José María del Castillo y Rada Biblioteca Pública José María del Castillo y Rada General Stacks 11/28/2019 Donación 370.115 / M678c 430011589 05/16/2024 V.5 / Ej.1 11/28/2019 Books